[Event "POR-ch Amateur U1600"]
[Site "Vila Nova de Gaia"]
[Date "2017.09.23"]
[Round "5"]
[White "Fonseca, Pedro Miguel Ramos"]
[Black "Soares, Wilson Joel"]
[Result "1-0"]
[WhiteElo "1152"]
[BlackElo "1494"]
[PlyCount "37"]
[EventDate "2017.09.20"]
[EventType "swiss"]
[EventRounds "5"]
[EventCountry "POR"]
[SourceTitle "EXT 2019"]
[Source "ChessBase"]
[SourceDate "2018.10.10"]
[SourceVersion "1"]
[SourceVersionDate "2018.10.10"]
[SourceQuality "1"]

1. d4 d5 2. c4 e6 3. Nc3 Nf6 4. Bg5 Be7 5. e3 0-0 6. Nf3 c5 7. Be2 Nc6 8. 0-0 cxd4 9. Nxd4 e5 10. Nxc6 bxc6 11. Bxf6 Bxf6 12. cxd5 cxd5 13. Qxd5 Bf5 14. Qxd8 Rfxd8 15. e4 Be6 16. Rfd1 Rd4 17. Nd5 Rxe4 18. Nxf6+ gxf6 19. Bf3 1-0

[Event "POR-ch Amateur U1600"]
[Site "Vila Nova de Gaia"]
[Date "2017.09.23"]
[Round "3"]
[White "Silva, Daniel Frederico V"]
[Black "Soares, Wilson Joel"]
[Result "1-0"]
[WhiteElo "1432"]
[BlackElo "1494"]
[PlyCount "77"]
[EventDate "2017.09.20"]
[EventType "swiss"]
[EventRounds "5"]
[EventCountry "POR"]
[SourceTitle "EXT 2019"]
[Source "ChessBase"]
[SourceDate "2018.10.10"]
[SourceVersion "1"]
[SourceVersionDate "2018.10.10"]
[SourceQuality "1"]

1. e4 c5 2. Nf3 d6 3. d4 cxd4 4. Nxd4 g6 5. Nc3 Bg7 6. Be3 Nf6 7. Be2 0-0 8. 0-0 Nc6 9. Nb3 Bd7 10. f4 Qc8 11. h3 a6 12. a4 Qc7 13. a5 Qc8 14. Bd3 Nb4 15. Qd2 Be6 16. Nd4 Nxd3 17. cxd3 Bd7 18. Rac1 Qd8 19. Nce2 Nh5 20. f5 e5 21. Nf3 Bc6 22. g4 Nf6 23. g5 Nh5 24. f6 Bh8 25. Nh2 Qd7 26. Ng4 Rfc8 27. Kh2 Qe6 28. Ng3 Bd7 29. Qe2 Nxg3 30. Kxg3 Rxc1 31. Rxc1 Rc8 32. Rxc8+ Bxc8 33. Qc2 Kf8 34. Qc7 Ke8 35. d4 exd4 36. Bxd4 Qb3+ 37. Bc3 Qe6 38. e5 d5 39. Bb4 1-0